Famous czech opera duets

Hlavní autor: Urbanová, Eva, 1961-
Korporativní autor: Evropský Janáčkův filharmonický orchestr
Další autoři: Tolaš, Dalibor, 1960-2024, Vodička, Leo Marian, 1950-, Bauerová, Martina, 1966-, Březina, Jaroslav, 1968-, Novák, Richard, 1931-, Preisler, František, 1973-2007
Jazyk: Čeština
Vydáno: Praha : Supraphon, p2001
Témata:
Fyzický popis: 1 CD : DDD, stereo ; 12 cm + 1 brožura (27 s.).
Zvukové nahrávky
Uloženo v:
LEADER 01802njm a2200469 a 4500
001 000563513
003 CZ BrMZK
005 20020919143105.0
008 010907s2001 xr f cze d
028 0 3 |a SU 3555-2 631  |b Supraphon 
040 |a BOA001  |b cze 
080 |a 782.1(086.7)  |2 MRF 
100 1 |a Urbanová, Eva,  |d 1961-  |7 jn19992010074 
245 1 0 |a Famous czech opera duets  |h [zvukový záznam] /  |c Eva Urbanová and guests. 
246 3 3 |a Prodaná nevěsta 
246 3 3 |a Ruslaka 
246 3 3 |a Šárka 
246 3 |a Slavné české operní duety 
246 3 2 |a Dalibor 
246 3 3 |a Jakobín 
246 3 3 |a Její pastorkyňa 
246 3 3 |a Libuše 
260 |a Praha :  |b Supraphon,  |c p2001 
300 |a 1 CD :  |b DDD, stereo ;  |c 12 cm +  |e 1 brožura (27 s.). 
306 |a 011009 
500 |a Durata 70:09 
500 |a Text v brož. a texty skladeb brož. vícejaz. 
500 |a Nahr. 2000 
505 2 |a Libuše, Prodaná nevěsta, Dalibor ... [et al.] 
511 0 |a Leo Marian Vodička, tenor; Martina Bauerová, soprán; Richard Novák, bas ... [et al.]. Evropský Janáčkův filharmonický orchestr, dir. František Preisler, jr 
653 0 |a operní duety  |a opery 
700 1 |a Tolaš, Dalibor,  |d 1960-2024  |7 ola200205990 
700 1 |a Vodička, Leo Marian,  |d 1950-  |7 jn19992011350 
700 1 |a Bauerová, Martina,  |d 1966-  |7 mzk2003207247 
700 1 |a Březina, Jaroslav,  |d 1968-  |7 jn20020903019 
700 1 |a Novák, Richard,  |d 1931-  |7 jn19990209599 
700 1 |a Preisler, František,  |d 1973-2007  |7 jo20000082786 
710 2 |a Evropský Janáčkův filharmonický orchestr  |7 ko2002103484 
910 |a BOA001  |b CD-0009.665 
964 |a Opery  |x duety  |x CD 
990 |a AV 
996 6 |b 261H010423  |c CD-0009.665  |l MZK  |r Sklad / do 24 hodin  |n 0  |p p.v.  |w 000563513  |u 000010  |a 1  |e BOA001  |j MZK50  |s P